Modern applied mathematics : optimization and operations research : collection of state-of-the-art surveys based on lectures presented at the summer school "Optimization and Operations Research," held at the University of Bonn, September 14-22, 1979

Saved in:
Bibliographic Details
Other Authors: Korte, B. H. (Bernhard H.), 1938- (Editor)
Format: Book
Language:English
Published: Amsterdam ; New York : North-Holland, 1982.
Subjects:
Tags: Add Tag
No Tags, Be the first to tag this record!

MARC

LEADER 00000cam a2200000 i 4500
001 1/33358
008 941103s1982####ne | ||| |||| ||eng||
020 |a 0444861343 
035 |l 10039347 
035 |a 1987 
040 |a GR-MyUA  |b gre  |e AACR2 
041 0 |a eng 
082 0 |a 519  
245 1 0 |a Modern applied mathematics :   |b optimization and operations research : collection of state-of-the-art surveys based on lectures presented at the summer school "Optimization and Operations Research," held at the University of Bonn, September 14-22, 1979 /   |c edited by Bernhard Korte.  
260 |a Amsterdam ;   |a New York :   |b North-Holland,  |c 1982.  
300 |a ix, 693 σ. :   |b εικ. ;   |c 23 εκ.  
504 |a Περιέχει βιβλιογραφικές αναφορές.  
650 0 0 |a Mathematical optimization. 
650 0 0 |a Operations research. 
650 0 0 |a Speeches, addresses, etc. 
700 1 |a Korte, B. H.   |q (Bernhard H.),   |d 1938-  |e edt 
852 |a INST  |b SAMOS  |e 19941103  |h 519 MOD  |p 005300001043  |q 005300001043  |t BK  |y 0 
909 |a Σ  |b 008423